The 1987 Constitution (Record no. 1166)
[ view plain ]
| 000 -LEADER | |
|---|---|
| fixed length control field | 01057cam a2200337 a 4500 |
| 001 - CONTROL NUMBER | |
| control field | 17207321 |
| 003 - CONTROL NUMBER IDENTIFIER | |
| control field | OSt |
| 005 - DATE AND TIME OF LATEST TRANSACTION | |
| control field | 20140310181659.0 |
| 008 - FIXED-LENGTH DATA ELEMENTS--GENERAL INFORMATION | |
| fixed length control field | 120313s2012 ph a 000 0 eng |
| 010 ## - LIBRARY OF CONGRESS CONTROL NUMBER | |
| LC control number | 2012325091 |
| 020 ## - INTERNATIONAL STANDARD BOOK NUMBER | |
| International Standard Book Number | 9789712726842 |
| 040 ## - CATALOGING SOURCE | |
| Original cataloging agency | DLC |
| Transcribing agency | DLC |
| Modifying agency | DLC |
| 042 ## - AUTHENTICATION CODE | |
| Authentication code | lcode |
| -- | pcc |
| 043 ## - GEOGRAPHIC AREA CODE | |
| Geographic area code | a-ph--- |
| 050 00 - LIBRARY OF CONGRESS CALL NUMBER | |
| Classification number | KPM 1744.51987 |
| Item number | .L411 2012 |
| 082 ## - DEWEY DECIMAL CLASSIFICATION NUMBER | |
| Classification number | FIL 342.59903 |
| Item number | .L411 2012 |
| 245 04 - TITLE STATEMENT | |
| Title | The 1987 Constitution |
| Remainder of title | to change or not to change? |
| Statement of responsibility, etc | La Viña, Antonio G.M....[et al.] |
| 260 ## - PUBLICATION, DISTRIBUTION, ETC. (IMPRINT) | |
| Place of publication, distribution, etc | Mandaluyong City, Philippines |
| Name of publisher, distributor, etc | Published and exclusively distributed by Anvil Pub. |
| Date of publication, distribution, etc | c2012 |
| 300 ## - PHYSICAL DESCRIPTION | |
| Extent | xiii, 150 p. |
| Other physical details | ill. |
| Dimensions | 23 cm. |
| 504 ## - BIBLIOGRAPHY, ETC. NOTE | |
| Bibliography, etc | Includes bibliographical references (p. 145-148). |
| 521 ## - TARGET AUDIENCE NOTE | |
| Target audience note | |
| 526 ## - STUDY PROGRAM INFORMATION NOTE | |
| Reading level | 1210L-1700L |
| 541 ## - IMMEDIATE SOURCE OF ACQUISITION NOTE | |
| -- | 1 |
| 562 ## - COPY AND VERSION IDENTIFICATION NOTE | |
| Number of copies | 1 |
| 650 #0 - SUBJECT ADDED ENTRY--TOPICAL TERM | |
| Topical term or geographic name as entry element | Constitutional law |
| Geographic subdivision | Philippines. |
| 700 1# - ADDED ENTRY--PERSONAL NAME | |
| Personal name | La Viña, Antonio G. M. |
| 700 1# - ADDED ENTRY--PERSONAL NAME | |
| Personal name | Gonzalez, Dennis T. |
| 906 ## - LOCAL DATA ELEMENT F, LDF (RLIN) | |
| a | 7 |
| b | cbc |
| c | origode |
| d | 2 |
| e | ncip |
| f | 20 |
| g | y-gencatlg |
| 942 ## - ADDED ENTRY ELEMENTS (KOHA) | |
| Source of classification or shelving scheme | Library of Congress Classification |
| Koha item type | |
| Call number prefix | Filipininana |
| Withdrawn status | Lost status | Source of classification or shelving scheme | Damaged status | Home library | Current library | Shelving location | Date acquired | Total Checkouts | Full call number | Barcode | Date last seen | Date checked out | Copy number | Price effective from | Koha item type |
|---|---|---|---|---|---|---|---|---|---|---|---|---|---|---|---|
| Library of Congress Classification | College Library | College Library | Filipiniana Section | 11/07/2012 | 1 | KPM 1744.51987 .L411 2012 | c16028 | 05/08/2018 | 03/22/2014 | 1 | 11/07/2012 | Books |